Gaming Quiz

Random Gaming or Nintendo Quiz
Score 0/67 Timer 10:00
0 Plays Today
Character Answer % Correct
ClaudeJoe Zieja
95.4%
DimitriChris Hackney
92.6%
EdelgardTara Platt
88%
DorotheaAllegra Clark
85.2%
ShamirAllegra Clark
85.2%
BernadettaErica Mendez
82.4%
FelixLucien Dodge
80.6%
SetethMark P Whitten
80.6%
HubertRobbie Daymond
79.6%
SylvainJoe Brogie
75.9%
RheaCherami Leigh
75.9%
PetraFaye Mata
75%
CasparBen Diskin
73.1%
LorenzBen Diskin
73.1%
FerdinandBilly Kametz
71.3%
SothisCassandra Lee Morris
70.4%
JeritzaPatrick Seitz
70.4%
LambertPatrick Seitz
70.4%
Male BylethZach Aguilar
69.4%
MercedesDorothy Elias-Fahn
68.5%
YuriAlejandro Saab
66.7%
ConstanceKirsten Day
66.7%
HapiChristine Marie Cabanos
66.7%
AelfricMichael Sinterniklaas
66.7%
IgnatzChristian La Monte
65.7%
LeonieRatana
65.7%
ManuelaVeronica Taylor
61.1%
AnnetteAbby Trott
60.2%
Female BylethJeannie Tirado
59.3%
DedueBen Lepley
58.3%
IngridBrittany Cox
56.5%
MarianneXanthe Huynh
56.5%
GatekeeperKyle McCarley
56.5%
LinhardtChris Patton
50.9%
Character Answer % Correct
AnnaKaren Strassman
50.9%
CatherineLaura Post
50%
FlaynDeva Marie Gregory
47.2%
CyrilGriffin Burns
45.4%
JeraltDavid Lodge
41.7%
HildaSalli Saffioti
39.8%
AsheShannon Mckain
38%
ThalesChris Smith
38%
RaphaelZachary Rice
35.2%
KronyaColleen O'Shaughnessey
33.3%
BalthusAaron Hedrick
33.3%
AloisDave B Mitchell
32.4%
LonatoDave B Mitchell
32.4%
NemesisJamieson Price
32.4%
FlecheEden Riegel
32.4%
LysitheaJanice Roman Roku
30.6%
GilbertDoug Stone
30.6%
MetodeyTodd Haberkorn
30.6%
LadislavaKatelyn Gault
29.6%
Duke AegirDoug Stone
29%
JudithRachel Robinson
26.9%
CorneliaJessica Gee-George
25.9%
MiklanArmen Taylor
23.1%
HannenmanDaniel Woren
22.2%
KostasBrad Venable
22.2%
NaderBrad Venable
22.2%
SolonJoe Ochman
21.3%
AcheronDoug Erholtz
21.3%
RodrigueJake Eberle
18.5%
RandolphBen Pronsky
17.6%
Ionius IXPaul St Peter
14.8%
PallardoJoe J Thomas
14.8%
GwendelMichael Sorich
10.2%

You're not logged in!

Compare scores with friends on all Sporcle quizzes.
OR
Log In

Sporcle TV

Today on Sporcle TV


Watch our educational content, quiz creation guides, and fun videos on Sporcle TV.

Show Comments

Extras

Top Quizzes Today


Score Distribution

Paid Content

Your Account Isn't Verified!

In order to create a playlist on Sporcle, you need to verify the email address you used during registration. Go to your Sporcle Settings to finish the process.

Report this User

Report this user for behavior that violates our Community Guidelines.

Details: